00955nam a2200205 a 450000100100000000500170001000800410002702000150006804000250008310000390010824501190014726000720026630000210033849000780035950400730043750400320051083000850054295201050062799900170073200004199220201002035855.0131029s1996 sp 000 0 spa d a8400076079 aDO-SdBNPbspacBNPHU1 aRuiz Acosta, María José96893310aSevilla E Hispanoamérica :bprensa y opinión pública tras el desastre de 1898 /cMaría José Ruiz Acosta. aSevilla :bEscuela de Estudios Hispao-Americanos de Sevilla,c1996. a163 p. ;c24 cm.1 aPublicaciones de la Escuela de Estudios Hispao-Americanos de Sevillav385 aIncluye referencias bibliográficas y notas al pie de las páginas aBibliografía : p. 147-163 0aPublicaciones de la Escuela de Estudios Hispao-Americanos de Sevillav385968934 001050718MOaGRbGRcCTd2013-10-29iLF1l0o p41992-10r2020-06-25w2020-06-25y1ZNo se presta c41481d41481